QCM sur L'Iliade (Guerre de Troie) - Statistiques

Statistiques générales
  • Ce quiz a été pris 4 230 fois
  • Le résultat moyen est 22 sur 34
Statistiques - réponses
Question Réponse % Correct
A qui attribue-t-on (peut-être à tord) l'œuvre de L'Iliade ? Homère.
98%
Pâris, jeune prince de Troie, est choisi par Zeus pour juger le duel, quelle déesse désignera t-il comme la plus belle ? Aphrodite.
87%
Trois déesses convoitent alors le titre de la plus belle des déesses, qui n'en fait pas partie ? Déméter, déesse de l'agriculture et des moissons.
86%
Bébé, Achille fut plongé dans le fleuve du Styx par sa mère, Thétis. Quel est le seul endroit du corps qui ne sera pas plongé dans l'eau ? Le talon gauche.
85%
Un matin, les Troyens constate le départ de la flotte Grecque, mais que trouvent-ils sur la plage ? Un immense cheval en bois.
84%
Artémis demande un sacrifice obligatoire pour laisser repartir les Grecs. Lequel ? Agamemnon devra sacrifier sa propre fille.
82%
Au mont Olympe, quelle divinité en colère, qui n'était pas invitée au banquet de Zeus, lança sur la table une pomme d'or avec les inscriptions suivantes : "Pour la plus belle" ? Éris, déesse de la discorde.
82%
Alors en mission diplomatique, Pâris séduit et ramène à Troie la belle Hélène, mariée à : Ménélas, Roi de Sparte.
82%
Achille venga Patrocle en tuant son tueur, que fit-il du corps de ce dernier ? Achille l'attacha à son char, et fit le tour des murs de Troie
80%
Ce Roi devient la risée de toute la Grèce. Il demande à son frère le Roi des Rois de Grèce de reprendre Hélène à Pâris, par les armes. Qui est ce Roi des Rois ? Agamemnon.
80%
Qui est le plus grand guerrier de Troie, héros aimé et admiré de tous ? Hector.
78%
Les Troyens déplace la construction dans la cité. Mais quelques dizaines de soldats Grecs sont cachés à l'intérieur pour ouvrir les portes de la ville la nuit tombé. Qui a imaginé cette ruse ? Ulysse.
78%
Qui tua Patrocle ? Hector.
73%
Quelle Princesse de Troie reçu de la part d'Apollon le don de la prophétie, puis ensuite la malédiction qui fait que personne ne croira jamais ses paroles ? Cassandre.
72%
Ulysse, Roi d'Ithaque, ne veut pas partir en guerre, quelle ruse utilisera t-il en vain pour tromper les émissaires grecs ? Il se fit passer pour fou et amnésique, labourant sans relâche une plage de sable devant les émissaires du Roi des Rois.
72%
Achille, Roi de Phthie, hésite à partir pour Troie. Pour quelle raison partira t-il ? La gloire.
69%
Qui tua Achille d'une flèche au talon ? Pâris.
67%
Après que le Roi des Rois lui ait ordonné de lui céder son butin, une femme, que fait Achille ? Lui et ses Myrmidons ne combattront plus.
64%
Quelle est la raison principale pour laquelle Héra soutient les Grecs ? Car elle voue une haine féroce à Aphrodite, qui soutient les Troyens.
58%
Que désire Zeus le Roi des Dieux ? Ni l'un ni l'autre.
58%
Qu'est-ce que Pâris reçu en récompense de la main de la déesse de son choix ? Une ceinture qui rend irrésistible celui qui la porte.
57%
On dit d'Énée, qui échappa au massacre de Troie, qu'il fût un artisan de la future fondation de quelle cité ? Rome.
54%
Le mari cocu d'Hélène la retrouve dans sa chambre. Que fit-il ? Il la ramène en Grèce.
51%
Apollon entend l'appel d'un vieux prêtre et décime de ses flèches l'armée Grecque, que veut-il obtenir ? La libération de la fille du vieux prêtre détenue par les Grecs.
51%
Dans le récit originel, qui est Patrocle pour Achille ? Son meilleur ami.
51%
Comment Agamemnon meurt-il ? Tué par sa femme dès son retour en Grèce.
51%
La déesse Artémis s'oppose au départ des Grecs. Pourquoi ? Le Roi Agamemnon a tué sa biche préférée en s'écriant "Artémis elle-même n'aurait su mieux faire".
49%
Les dieux ont choisit leur camp. Qui de ces 4 divinités ne soutient pas les Troyens ? Arès.
47%
Comment ? En le tuant dans le dos, avec l'aide d'Apollon.
47%
Quels Dieux construirent les formidables remparts de Troie ? Poséidon et Apollon.
44%
Qui sauva Pâris de Ménélas, qui s'affrontaient en duel à mort ? Aphrodite.
41%
Pourquoi l'ont-ils fait ? Car ils furent condamné par Zeus à se mettre au service d'un ancien Roi de Troie.
33%
Comment Ajax "le grand" meurt-il ? Il se suicide.
23%
Les portes ouvertes, l'armée Grecque entre dans la cité. Pas de quartiers. Qui tua le Roi Priam ? Néoptolème, le fils d'Achille.
20%
Aucun quiz correspondant
Distribution des résultats
% des personnes avec chaque résultat
Percentile par nombre de réponses
Votre historique - résultats
Vous n’avez pas pris ce quiz